Personnages jouables dans Injustice - Statistiques

Statistiques générales
  • Ce quiz a été pris 41 fois
  • Le résultat moyen est 34 sur 55
Statistiques - réponses
Gods Among Us Injustice 2 Personnage % Correct
Batman
100%
Superman
97%
Joker
91%
Cyborg
88%
Flash
88%
Wonder Woman
88%
Robin
85%
Green Lantern
82%
Harley Quinn
82%
Aquaman
79%
Nightwing
76%
Shazam
76%
Supergirl
76%
DLC Starfire
74%
Black Adam
71%
Deathstroke
71%
Green Arrow
71%
Raven
71%
Bane
68%
Blue Beetle
68%
Black Canary
65%
Brainiac
65%
Catwoman
65%
Épouvantail
65%
Poison Ivy
65%
DLC Batgirl
62%
Lex Luthor
62%
DLC Sub-Zero
62%
Sinestro
59%
STAR Labs DLC Atom
56%
Captain Cold
56%
Deadshot
56%
Firestorm
56%
DLC Martian Manhunter
56%
Arès
53%
DLC Darkseid
53%
Dr. Fate
53%
DLC Tortues Ninja
53%
DLC Lobo
50%
DLC Raiden
50%
Swamp Thing
50%
Cheetah
47%
DLC Enchanteresse
47%
Gorilla Grodd
47%
DLC Red Hood
47%
DLC Scorpion
47%
Doomsday
44%
Solomon Grundy
44%
DLC Black Manta
41%
Killer Frost
41%
DLC Zatanna
41%
Atrocitus
38%
DLC Général Zod
38%
DLC Hellboy
38%
Hawkgirl
32%
Aucun quiz correspondant
Distribution des résultats
% des personnes avec chaque résultat
Percentile par nombre de réponses
Votre historique - résultats
Vous n’avez pas pris ce quiz